Éditorial (notice n° 1835123)

détails MARC
000 -LEADER
fixed length control field 02076cam a2200181 4500500
005 - DATE AND TIME OF LATEST TRANSACTION
control field 20260329004546.0
041 ## - LANGUAGE CODE
Language code of text/sound track or separate title fre
042 ## - AUTHENTICATION CODE
Authentication code dc
100 10 - MAIN ENTRY--PERSONAL NAME
Personal name Revet, Sandrine
Relator term author
245 00 - TITLE STATEMENT
Title Éditorial
260 ## - PUBLICATION, DISTRIBUTION, ETC.
Date of publication, distribution, etc. 2014.<br/>
500 ## - GENERAL NOTE
General note 57
520 ## - SUMMARY, ETC.
Summary, etc. C’est une recherche de plus de douze ans qui est présentée dans l’ouvrage La ville d’après. Détroit, une enquête narrative. Une enquête narrative, par laquelle la professeure de littérature comparée Raphaëlle Guidée propose une lecture patiente, sensible et attentive aux détails de la catastrophe au long cours dont est victime la population de la ville de Détroit, pourtant effacée de la plupart des représentations imagées et discursives de la ville. Loin d’être une ville fantôme, Detroit accueille une population dont les récits sont trop majoritairement invisibilisés, car incertains, précaires, au profit d’un récit presqu’unique de l’effondrement et de la renaissance perpétuels. Une ville, qui ne cesserait de renaître des cendres du capitalisme ?
520 ## - SUMMARY, ETC.
Summary, etc. ‪The book ‪‪La ville d’après. Détroit, une enquête narrative ‪‪(‪‪The City After: Detroit, a Narrative Investigation‪‪) presents the results of more than twelve years of research. In this narrative investigation, Raphaëlle Guidée, professor of comparative literature, offers a patient, sensitive, and detailed account of the long-term catastrophe suffered by the population of Detroit, a population that has been erased from most visual and discursive representations of the city. Far from being a ghost town, Detroit is home to a population whose narratives are largely invisible because they are uncertain and precarious, overshadowed by an almost singular narrative of perpetual collapse and rebirth. Is Detroit a city that will continue to rise from the ashes of capitalism?‪
700 10 - ADDED ENTRY--PERSONAL NAME
Personal name Périer, Miriam
Relator term author
786 0# - DATA SOURCE ENTRY
Note CLARA | 2 | 1 | 2014-06-01 | p. 9-12 | 2295-3671
856 41 - ELECTRONIC LOCATION AND ACCESS
Uniform Resource Identifier <a href="https://shs.cairn.info/revue-clara-2014-1-page-9?lang=fr&redirect-ssocas=7080">https://shs.cairn.info/revue-clara-2014-1-page-9?lang=fr&redirect-ssocas=7080</a>

Pas d'exemplaire disponible.

PLUDOC

PLUDOC est la plateforme unique et centralisée de gestion des bibliothèques physiques et numériques de Guinée administré par le CEDUST. Elle est la plus grande base de données de ressources documentaires pour les Étudiants, Enseignants chercheurs et Chercheurs de Guinée.

Adresse

627 919 101/664 919 101

25 boulevard du commerce
Kaloum, Conakry, Guinée

Réseaux sociaux

Powered by Netsen Group @ 2025